• 首页
  • 本馆介绍
  • 公告通知
  • 最新文献
  • 馆藏检索
  • 电子资源
  • 读者导购
  • 参考咨询
  • 我的图书馆
  • 登录
  • 详细信息显示
  • 放入我的书架
  • 预约/预借图书
  • 作者相关作品
  • 分类相关作品
  • 丛书相关作品
  • 出版社相关作品

书目信息

  • 表格格式
  • 工作单格式
  • 卡片格式
题名:
生命与教育
    
 
作者: 冯建军 著
分册:  
出版信息: 北京   教育科学出版社  2006
页数: 13,386页
开本: 24cm
丛书名: 教化与人文系列
单 册:
中图分类: G412
科图分类:
主题词: 生命哲学 , 生命哲学--教育理论
电子资源:
ISBN: 7-5041-3099-0
000 01087nam0 2200301 450
000 01101nam0 2200301 450
000 01034nam0 2200277 450
000 00998oam2 2200265 45
005 20070727151558.10
010    @a7-5041-3099-0@dCNY38.00
100    @a20070706d2006 em y0chiy0120 ea
101 0  @achi
102    @aCN@b110000
105    @ay z 000yy
200 1  @a生命与教育@ASheng Ming Yu Jiao Yu@f冯建军著@FFeng Jian Jun Zhu
210    @a北京@c教育科学出版社@d2006
215    @a13,386页@d24cm
225 2  @a教化与人文系列
300    @a江苏省哲学社会科学“十五”规划重点研究项目成果教育部人文社科重点研究基地基金和南京师范大学“211”重点学科建设基金资助
330    @a本书基于对生命与教育本体关系的理性思索,探讨了教育的生命本质和生命化教育的理念、特点,构件了生命化教育的体系,书写了“人”的生命教育学。
410  0 @12001 @a教化与人文系列
510 1  @aLife and Education@zeng
606 0  @a生命哲学
606 0  @a生命哲学@x教育理论
690    @aG412@v4
701  0 @a冯建军@AFeng Jian Jun@c(教育)@4著
801  0 @aCN@bTAOJIN@c20070727
905    @a10447@dG412@e37
    
    生命与教育/冯建军著.-北京:教育科学出版社,2006
    13,386页;24cm.-(教化与人文系列)
    江苏省哲学社会科学“十五”规划重点研究项目成果教育部人文社科重点研究基地基金和南京师范大学“211”重点学科建设基金资助
    
    ISBN 7-5041-3099-0:CNY38.00
    本书基于对生命与教育本体关系的理性思索,探讨了教育的生命本质和生命化教育的理念、特点,构件了生命化教育的体系,书写了“人”的生命教育学。
●
相关链接 在E读中查询图书 在五车中查询图书 在当当中查询图书 在豆瓣中查询图书


正题名:生命与教育     索取号:G412/37         预约/预借

序号 登录号 条形码 馆藏地/架位号 状态 备注
1 0821410   208214109   第一样本阅览室/ [索取号:G412/37] 在馆    
2 0821411   208214118   第四借阅区/ [索取号:G412/37] 在馆    
3 0821412   208214127   第四借阅区/ [索取号:G412/37] 在馆    
4 0821413   208214136   第四借阅区/ [索取号:G412/37] 在馆    
5 0821414   208214145   第四借阅区/ [索取号:G412/37] 在馆    
唐山师范学院图书馆 欢迎您!
大连网信软件有限公司© 版权所有